| 000 | 00788nam a22003017a 4500 | ||
|---|---|---|---|
| 001 | 20426 | ||
| 003 | UA-OsUOA | ||
| 005 | 20240125160246.0 | ||
| 007 | ta | ||
| 008 | 20031028b un ||||| |||| 00| 0 ukr d | ||
| 040 |
_aUA-OsUOA _brus _cUA-OsUOA _dUA-OsUOA |
||
| 041 | _arus | ||
| 044 | _aRU | ||
| 080 | _a910.1 (477) | ||
| 090 |
_a910.1 (477) _bГ35 |
||
| 100 | _aВащенко П. П. | ||
| 245 |
_aГеография _bсправочное пособие |
||
| 260 |
_aКиев _bВыща школа _c1982 |
||
| 300 | _a495 с. | ||
| 650 | 7 | _2UDC | |
| 700 | _aКононенко Н.И. | ||
| 700 | _aКулаковская М.Ю. | ||
| 700 | _aЧирка В.Г. | ||
| 700 | _aШипович Е.И. | ||
| 700 | _aЩербань М.И. | ||
| 942 |
_cBK _2udc |
||
| 955 | _a0 | ||
| 999 |
_c306603 _d306603 |
||